| 000 | 01083nam a2200277 i 4500 | ||
|---|---|---|---|
| 001 | bg | ||
| 003 | KOSZ 005 | ||
| 005 | 20200630132820.0 | ||
| 008 | 080414s1960 pl a f |000 0 pol | ||
| 015 | _aPB 1961/522 | ||
| 040 |
_aWA N _cKOSZ 005/RW _dKOSZ 005/RW |
||
| 041 | 1 |
_apol _hrus |
|
| 080 | _a531 | ||
| 100 | 1 |
_aSuslov, Gavriil Konstantinovič _d(1857-1935). |
|
| 245 | 1 | 0 |
_aMechanika teoretyczna / _cG. K. Susłow ; [tł. Joanna Bittner et al. ; N. Buchgolc, W. Golcman: Z przedmowy redaktorów III wyd. ros.]. |
| 246 | 1 |
_iTyt. oryg.: _aTeoretičeskaâ mehanika. |
|
| 260 |
_aWarszawa : _bPaństwowe Wydawnictwo Naukowe, _c1960. |
||
| 300 |
_a766, [1] s. : _bil., err. ; _c24 cm. |
||
| 650 | 4 | _aMechanika | |
| 700 | 1 |
_aBuhgol'c, Nikolaj Nikolaevič _d(1881-1944). _eRed. |
|
| 700 | 1 |
_aGol'cman, V. K. _eRed. |
|
| 700 | 1 |
_aBittner, Joanna. _eTłumaczenie |
|
| 710 | 2 |
_aPaństwowe Wydawnictwo Naukowe _4pbl. |
|
| 856 |
_uhttp://koha.tu.koszalin.pl/cgi-bin/koha/opac-detail.pl?biblionumber=10724 _yKatalog online BPK |
||
| 942 |
_2UKD _cKS |
||
| 999 |
_c10724 _d10724 |
||